Письмо великого князя Александра Михайловича председателю Нижегородского судоходного съезда Михаилу Федоровичу Мецу о нуждах суд...

Доступно только в Электронных читальных залах Найти на картеНа карте
RUSMARC
00003864nmc2a2200000 x 450
0012979b3d3-8b9a-4a83-8369-3df05421fa26
00520171120105118.0
100##$a20160412l19031903k l0rusy0189 ca
1010#$arus
102##$aRU
2001#$aПисьмо великого князя Александра Михайловича председателю Нижегородского судоходного съезда Михаилу Федоровичу Мецу о нуждах судоходства на Волге
$j2 декабря 1903 г.
251##$cДело
300##$aДело
801#0$aRU
$bРГИА
$c20160412
$gRCR
801#1$aRU
$bГлавНИВЦ
$c20160412
$2rusmarc
801#2$aRU
$bПБ им. Б.Н. Ельцина
$c20171120
$gRCR
$2rusmarc
850##$aРГИА
852##$aРГИА
$eФедеральное казенное учреждение "Российский государственный исторический архив" (РГИА)
$j33
937##$hРГИА
$d12201668
$aASBIBLIO_SCAN
462#0$1001598918bb-e06f-44fc-b0ad-5749990e2656
$12001
$aЛичные документы Н. Н. Беклемешева и материалы по вопросам мореплавания и флота
$1251
$cОпись
$1852
$j1
461#0$1001c6673287-3d79-401c-8113-ced7c102e87e
$12001
$aБеклемишев Николай Николаевич (1857 - не ранее 1917 гг.), начальник Отдела торговых портов Главного управления торгового мореплавания и портов (1903 – 1905), редактор журнала "Море"
$1251
$cФонд
$1852
$j896
215##$a2 л.
$d36,5х26 см
371##$aДокумент не является опубликованным и широко распространяемым
105##$ay###
1220#$ad
035##$a2979b3d3-8b9a-4a83-8369-3df05421fa26
856##$uhttp://readingroom.main.prlib.ru/item.aspx?id_node=n109260714&mode=full
Формат отображения